000 00917nam a2200289Ia 4500
001 Z_581
003 CHAP
008 220113s1989 xx 000 0 und d
010 _a163691
040 _cCHAP
090 _aTesis O 489
100 _aOseguera Ochoa, Gustavo Adolfo
_984178
245 _aPropuesta de organización para la producción de carne y leche en pastoreo en el estado de Sonora (seminario de titulación) /
_cpor Gustavo Adolfo Oseguera Ochoa
260 _aChapingo, Méx. :
_bEl autor,
_c1989
300 _a133 h.
502 _aTesis (Ing. Agrónomo Esp. en Zootecnia) -- UACH. Departamento de Zootecnia
650 _aCarne
_xProducción
_919109
650 _aGanadería
_xSonora
_944851
650 _aGanado vacuno
_xProducción
_945506
650 _aLeche
_xProducción
_965400
901 _aTESIS O 489
902 _aM
910 _a1989
942 _c2
942 _c2
999 _c163691
_d163691